LDR 00633nam a2200181 i 4500 001 000000103086 003 CaOOAMICUS 005 20260407163054.0 008 010914s1972 it u000 u ita u 040 $aSeMil$bita 245 10$a7: Grav-Ing. 300 $a1086 p. 773 0 $aBattaglia, Salvatore <1904-1971>$tGrande dizionario della lingua italiana.$dTorino : UTET, 1961-2009.$g7$w()6614 850 $aSeMil 852 $aSeMil$W1$xVenegono$y1$mSL1.A V 7$j269813$B59547$CSeMilBibl$Z2$F44036 $8I 961 $aOmaggio: Biblioteca Seminario Masnago 996 $6245$a7: Grav-Ing$9(OLS)http://semarc/title/149822